Statistics for Largest cities in UK,US,France,Germany&Italy:starting with N

Click here to take the quiz!

General Stats

  • This quiz has been taken 110 times
  • The average score is 7 of 13

Answer Stats

HintAnswer% Correct
ItalyNaples
92%
USANew York
88%
FranceNice
84%
GermanyNuremberg
83%
UKNottingham
75%
FranceNantes
70%
UKNewcastle Upon Tyne
70%
USANew Orleans
64%
USANashville
52%
FranceNimes
21%
UKNewport
17%
ItalyNovara
9%
GermanyNeuss
8%

Score Distribution

Percentile by Number Answered

Percent of People with Each Score

Your Score History

You have not taken this quiz